ბათუმის შოთა რუსთაველის სახელმწიფო უნივერსიტეტის ბიბლიოთეკა

Menschen A2/1: Deutsch als Fremdsprache/Kursbuch (ბიბ.ჩანაწერი № 55494)

000 -LEADER
fixed length control field 00652nam a2200241Ia 4500
001 - CONTROL NUMBER
control field 22576
003 - CONTROL NUMBER IDENTIFIER
control field GE_BSU
008 - FIXED-LENGTH DATA ELEMENTS--GENERAL INFORMATION
fixed length control field 181216s||||||||xx |||||||||||||| ||und||
020 ## - INTERNATIONAL STANDARD BOOK NUMBER
International Standard Book Number 9783193019028
040 ## - CATALOGING SOURCE
Transcribing agency GE_BSU
080 ## - UNIVERSAL DECIMAL CLASSIFICATION NUMBER
Universal Decimal Classification number 811.112.1
100 ## - MAIN ENTRY--PERSONAL NAME
Personal name Habersack, Charlotte, Angela Pude und Franz Specht
245 ## - TITLE STATEMENT
Title Menschen A2/1: Deutsch als Fremdsprache/Kursbuch
260 ## - PUBLICATION, DISTRIBUTION, ETC.
Place of publication, distribution, etc. Munchen
260 ## - PUBLICATION, DISTRIBUTION, ETC.
Name of publisher, distributor, etc. Hueber Verlag
260 ## - PUBLICATION, DISTRIBUTION, ETC.
Date of publication, distribution, etc. 2013
300 ## - PHYSICAL DESCRIPTION
Extent 100p;ill;29cm
300 ## - PHYSICAL DESCRIPTION
Other physical details +1CD-Rom A2.1
653 ## - INDEX TERM--UNCONTROLLED
Uncontrolled term Menschen A2/1: Deutsch als Fremdsprache/Kursbuch
653 ## - INDEX TERM--UNCONTROLLED
Uncontrolled term გერმანული ენა
942 ## - ADDED ENTRY ELEMENTS (KOHA)
Koha item type წიგნი

არაა ხელმისაწვდომი ეგზემპლარები.